NLSUI OPAC header image

The economic and social impacts of e-commerce / (Record no. 111754)

MARC details
000 -LEADER
fixed length control field 00701cam a22002054a 4500
001 - CONTROL NUMBER
control field 13034853
005 - DATE AND TIME OF LATEST TRANSACTION
control field 20260112074310.0
008 - FIXED-LENGTH DATA ELEMENTS--GENERAL INFORMATION
fixed length control field 021219s2003 paua b 001 0 eng
020 ## - INTERNATIONAL STANDARD BOOK NUMBER
International Standard Book Number 9781591400431
Qualifying information (hbk.)
082 ## - DEWEY DECIMAL CLASSIFICATION NUMBER
Classification number 381.1 LUB
100 1# - MAIN ENTRY--PERSONAL NAME
Personal name Lubbe, Sam
245 14 - TITLE STATEMENT
Title The economic and social impacts of e-commerce /
Statement of responsibility, etc. Sam Lubbe.
260 ## - PUBLICATION, DISTRIBUTION, ETC.
Place of publication, distribution, etc. Hershey :
Name of publisher, distributor, etc. Idea Group Pub.,
Date of publication, distribution, etc. 2003.
300 ## - PHYSICAL DESCRIPTION
Extent xi, 266 p. :
Other physical details ill. ;
Dimensions 26 cm.
650 #0 - SUBJECT ADDED ENTRY--TOPICAL TERM
Topical term or geographic name entry element Electronic commerce.
650 #0 - SUBJECT ADDED ENTRY--TOPICAL TERM
Topical term or geographic name entry element Electronic commerce
Geographic subdivision South Africa.
700 1# - ADDED ENTRY--PERSONAL NAME
Personal name Van Heerden, Johanna Maria.
856 ## - ELECTRONIC LOCATION AND ACCESS
Uniform Resource Identifier <a href="https://www.igi-global.com/book/economic-social-impacts-commerce/992#table-of-contents">https://www.igi-global.com/book/economic-social-impacts-commerce/992#table-of-contents</a>
Link text Table of contents
942 ## - ADDED ENTRY ELEMENTS (KOHA)
Source of classification or shelving scheme Dewey Decimal Classification
Koha item type BOOKs
Holdings
Withdrawn status Lost status Damaged status Not for loan Collection code Home library Current library Shelving location Date acquired Cost, normal purchase price Total Checkouts Full call number Barcode Date last seen Price effective from Koha item type
          . .   05.11.2018 0.00   381.1 LUB 35190 05.11.2018 05.11.2018 BOOKs